<?xml version="1.0" encoding="UTF-8"?><?xml-stylesheet type="text/xsl" href="static/style.xsl"?><OAI-PMH xmlns="http://www.openarchives.org/OAI/2.0/" xmlns:xsi="http://www.w3.org/2001/XMLSchema-instance" xsi:schemaLocation="http://www.openarchives.org/OAI/2.0/ http://www.openarchives.org/OAI/2.0/OAI-PMH.xsd"><responseDate>2026-04-13T01:31:21Z</responseDate><request verb="GetRecord" identifier="oai:www.recercat.cat:2072/489185" metadataPrefix="marc">https://recercat.cat/oai/request</request><GetRecord><record><header><identifier>oai:recercat.cat:2072/489185</identifier><datestamp>2026-01-24T13:43:10Z</datestamp><setSpec>com_2072_98</setSpec><setSpec>col_2072_378195</setSpec></header><metadata><record xmlns="http://www.loc.gov/MARC21/slim" xmlns:dcterms="http://purl.org/dc/terms/" xmlns:xsi="http://www.w3.org/2001/XMLSchema-instance" xmlns:doc="http://www.lyncode.com/xoai" xsi:schemaLocation="http://www.loc.gov/MARC21/slim http://www.loc.gov/standards/marcxml/schema/MARC21slim.xsd">
   <leader>00925njm 22002777a 4500</leader>
   <datafield ind2=" " ind1=" " tag="042">
      <subfield code="a">dc</subfield>
   </datafield>
   <datafield ind2=" " ind1=" " tag="720">
      <subfield code="a">Masats i Viladoms, M. Dolors (Maria Dolors)</subfield>
      <subfield code="e">author</subfield>
   </datafield>
   <datafield ind2=" " ind1=" " tag="720">
      <subfield code="a">Guerrero, Paula</subfield>
      <subfield code="e">author</subfield>
   </datafield>
   <datafield ind2=" " ind1=" " tag="260">
      <subfield code="c">2018</subfield>
   </datafield>
   <datafield ind2=" " ind1=" " tag="520">
      <subfield code="a">Initiatives for teachers' professional development should rely on the epistemology of practice, that is, be founded on the premise that reflective teachers construct professional knowledge and develop professional skills through practice and through planning, observing or analysing practice. Reflection about teaching action and reflection in teaching action triggers innovation, especially when teachers work together to create the necessary conditions to transform learning. This paper advocates in favour of collaborative action research and innovation as a methodology to promote change in classroom practices. To illustrate this proposal, it presents a case study in which a secondary English teacher from a school which hosts adolescents at risk opens her classrooms to a researcher and a group of pre-service teachers with the objective to reflect upon her own practices and to become an agent of change. Our corpus is made of natural audio-recorded data from the discussions emerging during focus-group sessions held to evaluate the ongoing innovation and interviews to participating secondary students and trainee teachers. The analysis of those interactions will first lead us to reflect upon the challenges of promoting change in the classrooms. Then it will allow us to understand the impact of the experience and argue in favour of a model of teacher education based on team work as a tool to acquire professional skills and guarantee students' learning success.</subfield>
   </datafield>
   <datafield ind1="8" ind2=" " tag="024">
      <subfield code="a">http://hdl.handle.net/2072/489185</subfield>
   </datafield>
   <datafield tag="653" ind2=" " ind1=" ">
      <subfield code="a">Innovation</subfield>
   </datafield>
   <datafield tag="653" ind2=" " ind1=" ">
      <subfield code="a">Professional development</subfield>
   </datafield>
   <datafield tag="653" ind2=" " ind1=" ">
      <subfield code="a">Teacher empowerment</subfield>
   </datafield>
   <datafield tag="653" ind2=" " ind1=" ">
      <subfield code="a">Teamworking</subfield>
   </datafield>
   <datafield tag="653" ind2=" " ind1=" ">
      <subfield code="a">Secondary education</subfield>
   </datafield>
   <datafield ind2="0" ind1="0" tag="245">
      <subfield code="a">The Ins and Outs of Teamworking : When University Teachers, in-Service Secondary Teachers and Pre-Service Teachers Collaborate to Transform Learning</subfield>
   </datafield>
</record></metadata></record></GetRecord></OAI-PMH>